Normal view
MARC view
Entry Personal Name
001 - CONTROL NUMBER
- control field: 64485
003 - CONTROL NUMBER IDENTIFIER
- control field: dpl
005 - DATE AND TIME OF LATEST TRANSACTION
- control field: 20240409143657.0
008 - FIXED-LENGTH DATA ELEMENTS
- fixed length control field: 240409|| aca||aabn | a|a d
040 ## - CATALOGING SOURCE
- Original cataloging agency: dpl
- Transcribing agency: dpl
100 ## - HEADING--PERSONAL NAME
- Personal name: Pattnaik, Sonali
670 ## - SOURCE DATA FOUND
- Source citation: Work cat.: (dpl)202016: Pattnaik, Sonali, When the flowers begin to speak /, 2021
